| 000 | 00604nam a2200193Ia 4500 | ||
|---|---|---|---|
| 008 | 220216s9999 xx 000 0 und d | ||
| 100 | _aJacob C.K. | ||
| 245 | 0 | _aNew strategies in the control of major leaf diseases of Hevea | |
| 260 |
_bGlobal Conference on Advances in Research on Plant Diseases and their Management, 12-17 February 1995, Udaipur, India _c1995 |
||
| 650 | _aDisease control | ||
| 650 | _aDosage | ||
| 650 | _aLeaf disease | ||
| 650 | _aOidium heveae | ||
| 650 | _aPhytophthora | ||
| 700 | _aEdathil T.T. | ||
| 700 | _aIdicula S.P. | ||
| 700 | _aJayarathnam K. | ||
| 942 | _cBS | ||
| 999 |
_c52480 _d52480 |
||